header

Contemporary feminist utopianism (Record no. 69083)

MARC details
000 -LEADER
fixed length control field 01286nam a2200349Ia 4500
100 1# - MAIN ENTRY--AUTHOR NAME
Personal name Sargisson, Lucy,
245 10 - TITLE STATEMENT
Title Contemporary feminist utopianism
260 ## - PUBLICATION, DISTRIBUTION, ETC. (IMPRINT)
Place of publication London ;
-- New York :
Name of publisher Routledge,
Year of publication 1996.
300 ## - PHYSICAL DESCRIPTION
Number of Pages xi, 258 p.
490 1# - SERIES STATEMENT
Series statement Women and politics
650 #0 - SUBJECT ADDED ENTRY--TOPICAL TERM
Topical Term Utopias.
Topical Term Feminist theory.
Topical Term Feminist criticism.
856 40 - ELECTRONIC LOCATION AND ACCESS
Uniform Resource Identifier http://site.ebrary.com/lib/rucke/Doc?id=10058176

No items available.

© 2026 Rongo University
Contact us: librarian | system librarian | Rongo university